RICS response to the UK Government’s changes to planning policy for brownfield development and PDR (Record no. 121799)
[ view plain ]
| 000 -LEADER | |
|---|---|
| fixed length control field | 01481nam a22002417a 4500 |
| 008 - FIXED-LENGTH DATA ELEMENTS--GENERAL INFORMATION | |
| fixed length control field | 241902t2024 xxk|||||o|||| 00| 0 eng d |
| 041 ## - LANGUAGE CODE | |
| Language code of text/sound track or separate title | eng |
| 110 ## - MAIN ENTRY--CORPORATE NAME | |
| Corporate author | Royal Institution of Chartered Surveyors |
| 245 ## - TITLE STATEMENT | |
| Title | RICS response to the UK Government’s changes to planning policy for brownfield development and PDR |
| Medium | [Electronic resource] |
| 260 ## - PUBLICATION INFORMATION | |
| Place of publication | London, |
| Publisher | Royal Institution of Chartered Surveyors, |
| Date | 14 February 2024 |
| 300 ## - PHYSICAL DESCRIPTION | |
| Physical description | press release |
| 490 ## - SERIES TITLE | |
| Series statement | RICS Press Release |
| 520 ## - ABSTRACT | |
| Abstract | RICS welcomes the renewed focus on brownfield development, particularly to help alleviate housing pressures in urban environments. However, often councils do want to build on brownfield land but face challenges, particularly around making-safe potentially decontaminated sites, which is a costly and complex endeavour. The Government’s current proposal seemingly does not acknowledge these difficulties, with there being a distinct lack of funding to support already stretched local councils and planning departments to realise this aim. |
| 650 ## - KEYWORDS | |
| Keywords | BROWNFIELD DEVELOPMENT |
| 650 ## - KEYWORDS | |
| Keywords | PLANNING |
| 650 ## - KEYWORDS | |
| Keywords | PERMITTED DEVELOPMENT RIGHTS |
| 650 ## - KEYWORDS | |
| Keywords | GREEN BELT |
| 651 ## - SUBJECT ADDED ENTRY--GEOGRAPHIC NAME | |
| Geographic name | United Kingdom |
| 690 ## - BROAD SUBJECT | |
| 9 (RLIN) | 6259 |
| Broad subject | Planning and development |
| 710 ## - ADDED CORPORATE NAME | |
| Added corporate author | Royal Institution of Chartered Surveyors |
| 856 ## - ONLINE RESOURCE | |
| Uniform Resource Identifier | <a href="https://www.rics.org/news-insights/rics-responds-to-michael-goves-speech-on-the-national-planning-policy-framework">https://www.rics.org/news-insights/rics-responds-to-michael-goves-speech-on-the-national-planning-policy-framework</a> |
| Public note | Available free on RICS.org |
| 942 ## - ADDED ENTRY ELEMENTS (KOHA) | |
| Suppress in OPAC | Do not suppress in OPAC |
| Lost status | Damaged status | Not for loan | Current library | Shelving location | Date acquired | Total Checkouts | Full call number | Date last seen | Price effective from | Koha item type |
|---|---|---|---|---|---|---|---|---|---|---|
| Virtual | Online | 19/02/2024 | RICS PRSS RELEASE | 19/02/2024 | 19/02/2024 | News article |